1267 1746 1885 1188 1759 1115 1145 1017 1490 1627 1827 1258 1437 1898 1840 1449 1910 1500 1560 1936 1945 1131 1174 1634 1717 1201 1305 1551 1682 1601 1660 1627 1244 1364 1815 1122 1351 1850 1402 1189 1743 1664 1850 1790 1663 1051 1440 1893 1806 1489 1557 1379 1866 1433 1712 1388 1012 1503 1266 1393 1683 1251 1123 1809 1401 1549 1911 1866 1157 1044 1921 1323 1485 1796 1118 1680 1634 1925 1074 1687 1031 1433 1164 1718 1598 1190 1195 1452 1339 1431 1437 1259 1041 1829 1918 1591 1751 1890 1323 BCNSPRNW ULIB Ver.6.0+V

เปลี่ยนเป็นภาษาไทย

Change to English
 แสดงรายละเอียดบรรณานุกรม
  กลับหน้าหลัก

Brief Record : Get Marc (ISO 2709) : E-mail record : QR code < ปิดหน้าต่าง
LEADER : 00000nam 2200000uu 4500
001    13399112465
003     ULIB
008    110817s2552||||th 000 0 tha d
050  4 HN700.55^bศ817ส 2552
110 1  จุฬาลงกรณ์มหาวิทยาลัย^bวิทยาลัยประชากรศาสตร์^bศูนย์สารสนเทศทางประชากรศาสตร์
245 00 สารพันความรู้ประชากรในรอบปี พ.ศ. 2551 /^cศูนย์สารสนเทศทางประชากรศาสตร์ วิทยาลัยประชากรศาสตร์ จุฬาลงกรณ์มหาวิทยาลัย
250    พิมพ์ครั้งที่ 1
260    กรุงเทพฯ :^bมหาวิทยาลัย,^c2552
300    118หน้า :^bภาพประกอบ ;^c30 ซม.
591    LICL มีปี 2553
650  4 ประชากร
650  4 ประชากร^xสถิติ
650  4 สถิติชีพ
945    ^p0^l0^i025748
995    ทศพร
999 ^a ทศพร
รายการนี้ยังไม่มีแท็ก
คุณยังไม่ได้ล็อกอิน คุณสามารถมีกิจกรรมร่วมกับเว็บไซต์ได้ แต่ต้องล็อกอินก่อน ::
  ล็อกอิน

รายการสื่อสารสนเทศ

ลำดับที่ ประเภท เลขเรียก/บาร์โค้ด สถานที่ สถานะ
- ไม่พบข้อมูล -

รายการใกล้เคียง
    หัวเรื่อง [ประชากร]
    หัวเรื่อง [สถิติชีพ]

BibComment


ยังไม่เคยถูกคอมเมนท์

คอมเมนท์ทรัพยากรรายการนี้
  คอมเมนท์: สารพันความรู้ประช..


 Copyright 2026. Bcnsprnw @Library